000 01592nam a22003977a 4500
003 CHAP
005 20220329141738.0
008 971013s1972 r 00010 d
010 _a73245
011 _a74217
035 _a83776
040 _cCHAP
082 _a589.24
_bB37 1972
100 0 0 _aBarnett, Horace Leslie.
_910266
245 _aIllustrated genera of imperfect fungi
250 _a3 ed.
260 _aMinneapolis :
_bBurgess,
_c1972
300 _a241 p.
_b: ilus.
590 _aBATCH-UPD
_b10
_c20130110
_lUCH01
_h1839
590 _aBATCH-UPD
_b10
_c20130410
_lUCH01
_h1210
590 _aBATCH-UPD
_b10
_c20130914
_lUCH01
_h1627
590 _aCONVERSION
_b10
_c20130109
_lUCH01
_h1340
650 1 4 _aMicologĂ­a.
_975476
700 0 _aHunter, Barry B.
_956934
901 _aBK
942 _cLIBRO
949 _a589.24 B37 1972
_bBC
_cLIBRO
_d33724000374179
_eLIBRO
_h31576
_i83776
_si
949 _a589.24 B37 1972
_bBC
_cLIBRO
_d33724000374187
_eLIBRO
_fc.3
_h31578
_i83776
_si
949 _a589.24 B37 1972
_bBC
_cLIBRO
_d33724000374195
_eLIBRO
_fc.4
_h31579
_i83776
_si
949 _a589.24 B37 1972
_bBC
_cLIBRO
_d33724000374203
_eLIBRO
_fc.5
_h31581
_i83776
_si
949 _a589.24 B37 1972
_bBC
_cLIBRO
_d33724000374211
_eLIBRO
_fc.6
_h31581
_i83776
_si
949 _a589.24 B37 1972
_bBC
_cLIBRO
_d33724000374229
_eLIBRO
_fc.7
_h31582
_i83776
_si
949 _a589.24 B37 1972
_bBC
_cLIBRO
_d33724000374237
_eLIBRO
_fc.8
_h31583
_i83776
_si
949 _a589.24 B37 1972
_bBC
_cLIBRO
_d33724000374245
_eLIBRO
_fc.9
_h31584
_i83776
_si
949 _a589.24 B37 1972
_bBC
_cLIBRO
_d33724000374252
_eLIBRO
_fc.10
_h31585
_i83776
_si
999 _c73245
_d73245